000 00571nam a22001577a 4500
999 _c534222
_d534222
020 _qHard Cover.
082 _a620.11
100 _aMuhammad Asif Khan.
245 _aSynthesis, Characterization and Thermal/Kinetic Studies of Nano Energetic Al-Metal Oxides Thermite System /
_cMuhammad Asif Khan.
260 _aIslamabad :
_bSCME - NUST,
_c2013.
300 _axiv, 58 p. : ill. ;
_c30cm.
942 _2ddc
_cTHE
650 _aEnergetic Materials Engineering MS-Thesis
_928358
700 _aDr. Habib Nasir.
_916070